Encyclopaedia of Buddhism : (Record no. 5090)
[ view plain ]
| 000 -LEADER | |
|---|---|
| fixed length control field | 01400 a2200253 4500 |
| 010 ## - LCCN (DPL NO) | |
| LC control number | ENG-86724-27 |
| 020 ## - INTERNATIONAL STANDARD BOOK NUMBER | |
| International Standard Book Number | 8176481971 (v. 18) |
| Terms of availability | 2000.00 (v.18) |
| 020 ## - INTERNATIONAL STANDARD BOOK NUMBER | |
| International Standard Book Number | 817648198X (v.19) |
| Terms of availability | 2000.00 (v.19) |
| 020 ## - INTERNATIONAL STANDARD BOOK NUMBER | |
| International Standard Book Number | 8176481998 (v.20) |
| Terms of availability | 2000.00 (v.20) |
| 020 ## - INTERNATIONAL STANDARD BOOK NUMBER | |
| International Standard Book Number | 8176483141 (v.21) |
| Terms of availability | 2000.00 (v.21) |
| 020 ## - INTERNATIONAL STANDARD BOOK NUMBER | |
| International Standard Book Number | 8176481793 (set) |
| Terms of availability | -- |
| 035 ## - SYSTEM CONTROL NUMBER | |
| System control number | EN-70257-60 |
| 037 ## - SOURCE OF ACQUISITION | |
| Source of stock number/acquisition | DBAD / PUB |
| 082 14 - DEWEY DECIMAL CLASSIFICATION NUMBER | |
| Classification number | 250.03 |
| 100 1# - MAIN ENTRY--PERSONAL NAME | |
| Personal name | Chitkara, M.G. |
| 245 1# - TITLE STATEMENT | |
| Title | Encyclopaedia of Buddhism : |
| Remainder of title | a world faith / |
| Statement of responsibility, etc | by M.G.Chitkara ; assisted by Atma Ram ... [et al.] |
| 260 ## - PUBLICATION, DISTRIBUTION, ETC. (IMPRINT) | |
| Place of publication, distribution, etc | New Delhi |
| Name of publisher, distributor, etc | A.P.H. Publishing |
| Date of publication, distribution, etc | 2007 |
| 270 ## - ADDRESS | |
| Address | 5, Ansari Road, Darya Ganj |
| City | New Delhi |
| Postal code | 110 002 |
| 300 ## - PHYSICAL DESCRIPTION | |
| Extent | 21V., (v.18-21) (xxiii, 558p; xiv, 327p; xv, 295p; xxi, 536p) |
| Dimensions | 24 cm ( Hb) |
| 500 ## - GENERAL NOTE | |
| General note | This book published in 21 vols. & D.B.Act Division received Vol.1 to 6 in 2000 and v.18-21 received on 11.09.2007. |
| 505 ## - FORMATTED CONTENTS NOTE | |
| Formatted contents note | v.1 The Dhammapada stories (840p); v.2 World peace in nuclear age (476p); v.3 So says bodhisattva (716p); v.4 Buddhism and environment (470p); v.5 Buddhist nirvana (640p); v.6 Buddhism pulsative Himalayas; v.18 Bodicharyavatara: governing the bodhisattvas way of life (xxiii, 558p); v.19 Interdependence and interrelatedness (xiv, 327p); v.20 Kalchakra tantra (xv, 295p); v.21 Glossary of Buddhist terms (xxi, 536p) |
| 700 ## - ADDED ENTRY--PERSONAL NAME | |
| Personal name | Atma Ram |
| 942 ## - ADDED ENTRY ELEMENTS (KOHA) | |
| Institution code [OBSOLETE] | dpl |
| Item type | English Books |
| Source of classification or shelving scheme | Dewey Decimal Classification |
| Classification part | 250.03 |
| Call number suffix | CHI |
| Withdrawn status | Lost status | Not for loan | Collection code | Home library | Current library | Source of acquisition | Cost, normal purchase price | Full call number | Barcode | Copy number | Cost, replacement price | Koha item type |
|---|---|---|---|---|---|---|---|---|---|---|---|---|
| Not For Loan | Non-fiction | D.B.Act.Division | D.B.Act.Division | DBAD/PUB | 2000.00 | 250.03 CHI | EN-70257 | 1 | 2000.00 | English Books | ||
| Not For Loan | Non-fiction | D.B.Act.Division | D.B.Act.Division | DBAD/PUB | 2000.00 | 250.03 CHI | EN-70258 | 1 | 2000.00 | English Books | ||
| Not For Loan | Non-fiction | D.B.Act.Division | D.B.Act.Division | DBAD/PUB | 2000.00 | 250.03 CHI | EN-70259 | 1 | 2000.00 | English Books | ||
| Not For Loan | Non-fiction | D.B.Act.Division | D.B.Act.Division | DBAD/PUB | 2000.00 | 250.03 CHI | EN-70260 | 1 | 2000.00 | English Books |
